Public Personal Administration (Record no. 201409)

MARC details
000 -LEADER
fixed length control field 00626nam a2200193 4500
010 ## - LCCN (DPL NO)
LC control number ENG-139662
020 ## - INTERNATIONAL STANDARD BOOK NUMBER
International Standard Book Number 9789380831145
Terms of availability 172.00
035 ## - SYSTEM CONTROL NUMBER
System control number EN-123194
037 ## - SOURCE OF ACQUISITION
Source of stock number/acquisition DBAD/PUB
082 ## - DEWEY DECIMAL CLASSIFICATION NUMBER
Classification number 351.2
100 ## - MAIN ENTRY--PERSONAL NAME
Personal name Anjaiah,M.
245 ## - TITLE STATEMENT
Title Public Personal Administration
Statement of responsibility, etc /by M Anjaiah
250 ## - EDITION STATEMENT
Edition statement 1
260 ## - PUBLICATION, DISTRIBUTION, ETC. (IMPRINT)
Place of publication, distribution, etc Hyderabad
Name of publisher, distributor, etc Studenthelpline Publishing House Pvt. Ltd.
Date of publication, distribution, etc 2011
270 ## - ADDRESS
Address 326/C, Surneni Nilayam, Near B K Guda Park, S.R.Nagar,
City Hyderabad
Postal code 500038
Electronic mail address studentshelpline.in@gmail.com
300 ## - PHYSICAL DESCRIPTION
Extent Various p.
Dimensions 21cm(PBT)
700 ## - ADDED ENTRY--PERSONAL NAME
9 (RLIN) 63009
942 ## - ADDED ENTRY ELEMENTS (KOHA)
Source of classification or shelving scheme Dewey Decimal Classification
Item type English Books
Classification part 351.2
Call number suffix ANJ
Edition 1
Holdings
Withdrawn status Lost status Not for loan Collection code Home library Current library Date acquired Source of acquisition Cost, normal purchase price Full call number Barcode Copy number Cost, replacement price Koha item type
      Non-fiction Bawana Bawana 12/03/2024 DBAD 172.00 351.2 ANJ EN-123194 1 172.00 English Books

© Delhi Public Library
Hit Counter
free hit counter